[Event "World Cup 2023 Open"]
[Site "Baku, Azerbaijan"]
[Date "????.??.??"]
[Round "16.24"]
[White "Bjerre Jonas Buhl (DEN)"]
[Black "Guseinov Gadir (AZE)"]
[Result "1-0"]
[WhiteFideId "1444948"]
[BlackFideId "13401378"]
[WhiteElo "2624"]
[BlackElo "2661"]

1. e4 {[%clk 00:10:19]} c5 {[%clk 00:10:19]} {[%emt 00:00:02]} 2. Nf3 {[%clk
00:10:28]} e6 {[%clk 00:10:28]} 3. c4 {[%clk 00:10:36]} {[%emt 00:00:04]} Nc6
{[%clk 00:10:35]} {[%emt 00:00:03]} 4. d4 {[%clk 00:10:45]} {[%emt 00:00:01]}
cxd4 {[%clk 00:10:43]} {[%emt 00:00:02]} 5. Nxd4 {[%clk 00:10:53]} {[%emt
00:00:02]} Nf6 {[%clk 00:10:52]} {[%emt 00:00:01]} 6. Nc3 {[%clk 00:11:02]}
{[%emt 00:00:01]} Bc5 {[%clk 00:11:01]} {[%emt 00:00:01]} 7. Nc2 {[%clk
00:10:59]} {[%emt 00:00:13]} Qb6 {[%clk 00:11:08]} {[%emt 00:00:03]} 8. Qd2
{[%clk 00:11:05]} {[%emt 00:00:04]} O-O {[%clk 00:11:12]} {[%emt 00:00:06]} 9.
Na4 {[%clk 00:10:28]} {[%emt 00:00:48]} Bb4 {[%clk 00:11:20]} {[%emt 00:00:01]}
10. Nxb6 {[%clk 00:10:10]} {[%emt 00:00:28]} Bxd2+ {[%clk 00:11:28]} {[%emt
00:00:02]} 11. Bxd2 {[%clk 00:10:15]} {[%emt 00:00:05]} axb6 {[%clk 00:11:37]}
{[%emt 00:00:01]} 12. Be3 {[%clk 00:10:16]} {[%emt 00:00:09]} Nxe4 {[%clk
00:11:44]} {[%emt 00:00:03]} 13. Bxb6 {[%clk 00:10:24]} {[%emt 00:00:02]} d5
{[%clk 00:09:18]} {[%emt 00:02:35]} 14. c5 {[%clk 00:10:33]} e5 {[%clk
00:08:53]} {[%emt 00:00:36]} 15. a4 {[%clk 00:10:37]} {[%emt 00:00:06]} Be6
{[%clk 00:08:57]} {[%emt 00:00:07]} 16. a5 {[%clk 00:07:55]} {[%emt 00:02:51]}
d4 {[%clk 00:08:45]} {[%emt 00:00:22]} 17. Ra3 {[%clk 00:07:29]} {[%emt
00:00:36]} Rfc8 {[%clk 00:06:54]} {[%emt 00:02:01]} 18. Bd3 {[%clk 00:05:53]}
{[%emt 00:01:47]} Nf6 {[%clk 00:06:24]} {[%emt 00:00:40]} 19. Kd2 {[%clk
00:05:50]} {[%emt 00:00:12]} Bd5 {[%clk 00:04:37]} {[%emt 00:01:58]} 20. f3
{[%clk 00:05:13]} {[%emt 00:00:47]} e4 {[%clk 00:04:43]} {[%emt 00:00:04]} 21.
Bb5 {[%clk 00:04:48]} {[%emt 00:00:34]} d3 {[%clk 00:03:16]} {[%emt 00:01:37]}
22. Bxc6 {[%clk 00:04:48]} {[%emt 00:00:10]} Bxc6 {[%clk 00:02:30]} {[%emt
00:00:56]} 23. Nd4 {[%clk 00:04:49]} {[%emt 00:00:09]} Nd7 {[%clk 00:01:54]}
{[%emt 00:00:47]} 24. Re1 {[%clk 00:03:57]} {[%emt 00:01:02]} exf3 {[%clk
00:01:16]} {[%emt 00:00:49]} 25. gxf3 {[%clk 00:04:02]} {[%emt 00:00:04]} Bd5
{[%clk 00:01:21]} {[%emt 00:00:05]} 26. Nf5 {[%clk 00:02:39]} {[%emt 00:01:33]}
Kf8 {[%clk 00:00:41]} {[%emt 00:00:50]} 27. Ne7 {[%clk 00:01:38]} {[%emt
00:01:10]} Nxb6 {[%clk 00:00:43]} {[%emt 00:00:08]} 28. cxb6 {[%clk 00:01:42]}
{[%emt 00:00:06]} Rd8 {[%clk 00:00:18]} {[%emt 00:00:36]} 29. Nxd5 {[%emt
00:00:56]} Rxd5 30. Rea1 {[%clk 00:01:02]} {[%emt 00:00:04]} Rh5 {[%clk
00:00:12]} {[%emt 00:00:25]} 31. b4 {[%clk 00:01:01]} {[%emt 00:00:11]} Rxh2+
{[%clk 00:00:16]} {[%emt 00:00:06]} 32. Kxd3 {[%clk 00:01:10]} {[%emt
00:00:02]} Rd8+ {[%clk 00:00:20]} {[%emt 00:00:06]} 33. Kc3 {[%clk 00:00:42]}
{[%emt 00:00:38]} Rh5 {[%clk 00:00:17]} {[%emt 00:00:13]} 34. Kb3 {[%clk
00:00:37]} {[%emt 00:00:14]} Rf5 {[%clk 00:00:24]} {[%emt 00:00:02]} 35. Ka4
{[%clk 00:00:41]} {[%emt 00:00:06]} h5 {[%clk 00:00:32]} {[%emt 00:00:02]} 36.
Rc3 {[%clk 00:00:43]} {[%emt 00:00:08]} h4 {[%clk 00:00:36]} {[%emt 00:00:07]}
37. a6 {[%clk 00:00:30]} {[%emt 00:00:24]} bxa6 {[%clk 00:00:39]} {[%emt
00:00:07]} 38. b7 {[%clk 00:00:39]} Rb5 {[%clk 00:00:19]} {[%emt 00:00:30]} 39.
Rc8 {[%clk 00:00:47]} {[%emt 00:00:02]} Ke7 {[%clk 00:00:13]} {[%emt 00:00:16]}
40. Re1+ {[%clk 00:00:54]} {[%emt 00:00:03]} Kf6 {[%clk 00:00:22]} 41. Rxd8
{[%clk 00:00:57]} {[%emt 00:00:06]} Rxb7 {[%clk 00:00:32]} 42. Rd6+ {[%clk
00:01:02]} {[%emt 00:00:05]} Kf5 {[%clk 00:00:35]} {[%emt 00:00:07]} 43. Rxa6
{[%clk 00:01:10]} {[%emt 00:00:03]} g5 {[%clk 00:00:37]} {[%emt 00:00:08]} 44.
b5 {[%clk 00:01:15]} {[%emt 00:00:05]} f6 {[%clk 00:00:34]} {[%emt 00:00:13]}
45. Rc6 {[%clk 00:01:02]} {[%emt 00:00:23]} h3 {[%clk 00:00:38]} {[%emt
00:00:06]} 46. b6 {[%clk 00:01:07]} {[%emt 00:00:05]} 1-0

[Event "World Cup 2023 Open"]
[Site "Baku, Azerbaijan"]
[Date "????.??.??"]
[Round "16.28"]
[White "Predke Alexandr (SRB)"]
[Black "Mamedov Rauf (AZE)"]
[Result "1/2-1/2"]
[WhiteFideId "24107581"]
[BlackFideId "13401653"]
[WhiteElo "2651"]
[BlackElo "2636"]

1. d4 {[%clk 00:10:19]} {[%emt 00:01:01]} Nf6 {[%clk 00:10:19]} {[%emt
00:00:01]} 2. c4 {[%clk 00:10:28]} {[%emt 00:00:02]} c6 {[%clk 00:10:28]} 3.
Nf3 {[%clk 00:10:35]} {[%emt 00:00:02]} d5 {[%clk 00:10:38]} 4. e3 {[%clk
00:10:44]} {[%emt 00:00:03]} Bg4 {[%clk 00:10:46]} {[%emt 00:00:02]} 5. Qb3
{[%clk 00:10:51]} {[%emt 00:00:02]} Qb6 {[%clk 00:10:52]} {[%emt 00:00:04]} 6.
Ne5 {[%clk 00:10:58]} {[%emt 00:00:02]} Bf5 {[%clk 00:11:01]} {[%emt 00:00:02]}
7. f3 {[%clk 00:11:05]} {[%emt 00:00:03]} e6 {[%clk 00:10:30]} {[%emt
00:00:41]} 8. cxd5 {[%clk 00:11:13]} {[%emt 00:00:02]} exd5 {[%clk 00:10:24]}
{[%emt 00:00:17]} 9. g4 {[%clk 00:11:21]} {[%emt 00:00:01]} Be6 {[%clk
00:09:53]} {[%emt 00:00:41]} 10. Nc3 {[%clk 00:11:30]} {[%emt 00:00:02]} Nbd7
{[%clk 00:09:49]} {[%emt 00:00:14]} 11. Nd3 {[%clk 00:11:38]} {[%emt 00:00:01]}
Bd6 {[%clk 00:09:32]} {[%emt 00:00:27]} 12. Qxb6 {[%clk 00:11:44]} {[%emt
00:00:04]} axb6 {[%clk 00:09:31]} {[%emt 00:00:11]} 13. Kf2 {[%clk 00:11:47]}
{[%emt 00:00:06]} h6 {[%clk 00:08:59]} {[%emt 00:00:43]} 14. h4 {[%clk
00:11:40]} {[%emt 00:00:17]} b5 {[%clk 00:08:42]} {[%emt 00:00:27]} 15. Nf4
{[%clk 00:10:33]} {[%emt 00:01:16]} Nb6 {[%clk 00:08:25]} {[%emt 00:00:27]} 16.
b3 {[%clk 00:10:22]} {[%emt 00:00:22]} Kd7 {[%clk 00:08:05]} {[%emt 00:00:30]}
17. Bd3 {[%clk 00:10:05]} {[%emt 00:00:27]} Ne8 {[%clk 00:07:12]} {[%emt
00:01:03]} 18. Bd2 {[%clk 00:08:33]} {[%emt 00:01:43]} Nc7 {[%clk 00:07:17]}
{[%emt 00:00:05]} 19. a4 {[%clk 00:08:14]} {[%emt 00:00:28]} bxa4 {[%clk
00:06:39]} {[%emt 00:00:48]} 20. Nxa4 {[%clk 00:08:22]} {[%emt 00:00:02]} Nxa4
{[%clk 00:06:37]} {[%emt 00:00:11]} 21. bxa4 {[%clk 00:08:31]} {[%emt
00:00:01]} b6 {[%clk 00:06:23]} {[%emt 00:00:24]} 22. Rhb1 {[%clk 00:06:52]}
{[%emt 00:01:49]} Rhb8 {[%clk 00:06:27]} {[%emt 00:00:07]} 23. Bc3 {[%clk
00:06:09]} {[%emt 00:00:54]} Ke7 {[%clk 00:05:46]} {[%emt 00:00:51]} 24. Nxe6
{[%clk 00:06:03]} {[%emt 00:00:16]} Nxe6 {[%clk 00:05:21]} {[%emt 00:00:35]} 25.
h5 {[%clk 00:04:19]} {[%emt 00:01:53]} c5 {[%clk 00:04:45]} {[%emt 00:00:46]}
26. dxc5 {[%clk 00:03:11]} {[%emt 00:01:19]} Bxc5 {[%clk 00:04:54]} {[%emt
00:00:01]} 27. Bd2 {[%clk 00:03:02]} {[%emt 00:00:19]} Bd6 {[%clk 00:04:08]}
{[%emt 00:00:56]} 28. Ra2 {[%clk 00:01:31]} {[%emt 00:01:41]} Nc5 {[%clk
00:03:51]} {[%emt 00:00:26]} 29. Bb5 {[%clk 00:01:38]} {[%emt 00:00:04]} Rc8
{[%clk 00:03:59]} {[%emt 00:00:01]} 30. Ke2 {[%clk 00:01:07]} {[%emt 00:00:41]}
Rc7 {[%clk 00:03:57]} {[%emt 00:00:12]} 31. Be1 {[%clk 00:00:21]} {[%emt
00:00:56]} Ne6 {[%clk 00:03:44]} {[%emt 00:00:24]} 32. Rd1 {[%clk 00:00:22]}
{[%emt 00:00:09]} Rc5 {[%clk 00:03:14]} {[%emt 00:00:40]} 33. Rb2 {[%clk
00:00:19]} {[%emt 00:00:13]} Rac8 {[%clk 00:02:24]} {[%emt 00:00:59]} 34. Bd3
{[%clk 00:00:20]} {[%emt 00:00:10]} R5c6 {[%clk 00:01:57]} {[%emt 00:00:37]} 35.
Bf5 {[%clk 00:00:29]} {[%emt 00:00:01]} Ra8 {[%clk 00:01:46]} {[%emt 00:00:20]}
36. Rxd5 {[%clk 00:00:15]} {[%emt 00:00:24]} Rxa4 {[%clk 00:01:55]} {[%emt
00:00:01]} 37. Rdb5 {[%clk 00:00:24]} Bc5 {[%clk 00:01:52]} {[%emt 00:00:13]}
38. Bh4+ {[%clk 00:00:20]} {[%emt 00:00:14]} f6 {[%clk 00:01:56]} {[%emt
00:00:06]} 39. Bg3 {[%clk 00:00:25]} {[%emt 00:00:05]} Ra3 {[%clk 00:01:51]}
{[%emt 00:00:15]} 40. R5b3 {[%clk 00:00:28]} {[%emt 00:00:07]} Rxb3 {[%clk
00:01:26]} {[%emt 00:00:35]} 41. Rxb3 {[%clk 00:00:37]} {[%emt 00:00:01]} Bd6
{[%clk 00:01:33]} {[%emt 00:00:02]} 42. Be1 {[%clk 00:00:32]} {[%emt 00:00:16]}
Bc5 {[%clk 00:01:10]} {[%emt 00:00:32]} 43. Rb2 {[%clk 00:00:35]} {[%emt
00:00:08]} Nc7 {[%clk 00:01:10]} {[%emt 00:00:10]} 44. Ra2 {[%clk 00:00:19]}
{[%emt 00:00:26]} b5 {[%clk 00:01:10]} {[%emt 00:00:09]} 45. Rc2 {[%clk
00:00:23]} {[%emt 00:00:06]} Na6 {[%clk 00:01:06]} {[%emt 00:00:15]} 46. Be4
{[%clk 00:00:14]} {[%emt 00:00:18]} Rb6 {[%clk 00:00:58]} {[%emt 00:00:19]} 47.
Bd3 {[%clk 00:00:23]} {[%emt 00:00:01]} Bd6 {[%clk 00:00:49]} {[%emt 00:00:19]}
48. Ra2 {[%clk 00:00:24]} {[%emt 00:00:09]} Nc7 {[%clk 00:00:43]} {[%emt
00:00:16]} 49. Bc3 {[%clk 00:00:12]} {[%emt 00:00:22]} b4 {[%clk 00:00:38]}
{[%emt 00:00:15]} 50. Bd4 {[%clk 00:00:20]} {[%emt 00:00:02]} Rc6 {[%clk
00:00:28]} {[%emt 00:00:20]} 51. Ra7 {[%clk 00:00:20]} {[%emt 00:00:10]} Kd8
{[%clk 00:00:31]} {[%emt 00:00:08]} 52. Bf5 {[%clk 00:00:15]} {[%emt 00:00:15]}
Bc5 {[%clk 00:00:24]} {[%emt 00:00:17]} 53. Rb7 {[%clk 00:00:15]} {[%emt
00:00:10]} Bxd4 {[%clk 00:00:22]} {[%emt 00:00:12]} 54. exd4 {[%clk 00:00:23]}
{[%emt 00:00:02]} Rc4 {[%clk 00:00:32]} 55. Kd3 {[%clk 00:00:19]} {[%emt
00:00:14]} Rc3+ {[%clk 00:00:41]} 56. Ke4 {[%clk 00:00:27]} {[%emt 00:00:01]}
b3 {[%clk 00:00:50]} 57. d5 {[%clk 00:00:34]} {[%emt 00:00:03]} Rc4+ {[%clk
00:00:55]} {[%emt 00:00:05]} 58. Kd3 {[%clk 00:00:43]} {[%emt 00:00:02]} Rc5
{[%clk 00:01:01]} {[%emt 00:00:04]} 59. Be4 {[%clk 00:00:45]} {[%emt 00:00:08]}
Nb5 {[%clk 00:00:50]} {[%emt 00:00:21]} 60. Rxg7 {[%clk 00:00:25]} {[%emt
00:00:30]} b2 {[%clk 00:00:59]} 61. Ke3 {[%clk 00:00:33]} {[%emt 00:00:02]} Nd6
{[%clk 00:01:05]} {[%emt 00:00:04]} 62. Rg8+ {[%clk 00:00:21]} {[%emt
00:00:21]} Kc7 {[%clk 00:01:14]} {[%emt 00:00:01]} 63. Rg7+ {[%clk 00:00:28]}
{[%emt 00:00:03]} Kd8 {[%clk 00:01:21]} {[%emt 00:00:03]} 64. Rg8+ {[%clk
00:00:19]} {[%emt 00:00:19]} Kc7 {[%clk 00:01:31]} 65. Rg7+ {[%clk 00:00:15]}
{[%emt 00:00:13]} Kd8 {[%emt 00:00:01]} 1/2-1/2

[Event "World Cup 2023 Open"]
[Site "Baku, Azerbaijan"]
[Date "????.??.??"]
[Round "16.29"]
[White "Yilmaz Mustafa (TUR)"]
[Black "Liang Awonder (USA)"]
[Result "1-0"]
[WhiteFideId "6302718"]
[BlackFideId "2056437"]
[WhiteElo "2639"]
[BlackElo "2649"]

1. d4 {[%clk 00:10:19]} g6 {[%clk 00:10:20]} 2. c4 {[%clk 00:10:19]} {[%emt
00:00:09]} Bg7 {[%clk 00:10:29]} {[%emt 00:00:01]} 3. Nf3 {[%clk 00:10:27]}
{[%emt 00:00:02]} d6 {[%clk 00:10:34]} {[%emt 00:00:05]} 4. Nc3 {[%clk
00:10:24]} {[%emt 00:00:12]} e5 {[%clk 00:10:17]} {[%emt 00:00:29]} 5. e4
{[%clk 00:10:24]} {[%emt 00:00:10]} Bg4 {[%clk 00:09:45]} {[%emt 00:00:43]} 6.
d5 {[%clk 00:10:02]} {[%emt 00:00:32]} f5 {[%clk 00:09:01]} {[%emt 00:00:54]} 7.
h3 {[%clk 00:09:06]} {[%emt 00:01:06]} Bh5 {[%clk 00:09:09]} {[%emt 00:00:01]}
8. g4 {[%clk 00:07:23]} {[%emt 00:01:53]} fxg4 {[%clk 00:09:11]} {[%emt
00:00:08]} 9. Ng5 {[%clk 00:07:30]} {[%emt 00:00:02]} g3 {[%clk 00:09:09]}
{[%emt 00:00:12]} 10. Qa4+ {[%clk 00:07:16]} {[%emt 00:00:24]} b5 {[%clk
00:08:11]} {[%emt 00:01:09]} 11. Qxb5+ {[%clk 00:07:02]} {[%emt 00:00:24]} c6
{[%clk 00:08:03]} {[%emt 00:00:18]} 12. dxc6 {[%clk 00:05:25]} {[%emt
00:01:47]} gxf2+ {[%clk 00:08:12]} 13. Kxf2 {[%clk 00:05:34]} {[%emt 00:00:01]}
Qf6+ {[%clk 00:08:15]} {[%emt 00:00:06]} 14. Ke1 {[%clk 00:05:02]} {[%emt
00:00:41]} Ne7 {[%clk 00:08:24]} {[%emt 00:00:01]} 15. Nd5 {[%clk 00:04:44]}
{[%emt 00:00:28]} Nxd5 {[%clk 00:08:24]} {[%emt 00:00:10]} 16. cxd5 {[%clk
00:03:22]} {[%emt 00:01:32]} O-O {[%clk 00:08:19]} {[%emt 00:00:15]} 17. Be3
{[%clk 00:03:09]} {[%emt 00:00:23]} Bh6 {[%clk 00:07:10]} {[%emt 00:01:19]} 18.
Rg1 {[%clk 00:02:29]} {[%emt 00:00:50]} Bxg5 {[%clk 00:06:27]} {[%emt
00:00:54]} 19. Rxg5 {[%clk 00:02:37]} {[%emt 00:00:02]} Qf3 {[%clk 00:06:36]}
{[%emt 00:00:01]} 20. Kd2 {[%clk 00:02:32]} {[%emt 00:00:15]} Nd7 {[%clk
00:05:08]} {[%emt 00:01:39]} 21. Bg2 {[%clk 00:02:14]} {[%emt 00:00:27]} Qf7
{[%clk 00:05:07]} {[%emt 00:00:11]} 22. Rf1 {[%clk 00:02:13]} {[%emt 00:00:11]}
Nf6 {[%clk 00:05:16]} {[%emt 00:00:01]} 23. Kc1 {[%clk 00:02:11]} {[%emt
00:00:12]} Qc7 {[%clk 00:05:02]} {[%emt 00:00:24]} 24. Rg3 {[%clk 00:01:59]}
{[%emt 00:00:22]} Rab8 {[%clk 00:04:46]} {[%emt 00:00:26]} 25. Qa6 {[%clk
00:01:38]} {[%emt 00:00:31]} Rf7 {[%clk 00:04:51]} {[%emt 00:00:05]} 26. Bg5
{[%clk 00:01:30]} {[%emt 00:00:17]} Rb6 {[%clk 00:04:24]} {[%emt 00:00:38]} 27.
Qc4 {[%clk 00:01:37]} {[%emt 00:00:01]} Ne8 {[%clk 00:04:27]} {[%emt 00:00:08]}
28. Rxf7 {[%clk 00:01:27]} {[%emt 00:00:20]} Qxf7 {[%clk 00:04:36]} 29. Qf1
{[%clk 00:01:26]} {[%emt 00:00:11]} Qc7 {[%clk 00:04:32]} {[%emt 00:00:15]} 30.
Bf3 {[%clk 00:01:19]} {[%emt 00:00:17]} Ng7 {[%clk 00:04:41]} 31. Bg4 {[%clk
00:01:23]} {[%emt 00:00:05]} Rb8 {[%clk 00:04:42]} {[%emt 00:00:10]} 32. Rf3
{[%clk 00:01:29]} {[%emt 00:00:04]} Qb6 {[%clk 00:04:44]} {[%emt 00:00:08]} 33.
Qf2 {[%clk 00:01:24]} {[%emt 00:00:13]} Qa5 {[%clk 00:04:47]} {[%emt 00:00:08]}
34. Be7 {[%clk 00:01:02]} {[%emt 00:00:33]} h6 {[%clk 00:04:56]} {[%emt
00:00:01]} 35. Bxd6 {[%clk 00:01:05]} {[%emt 00:00:07]} Rb5 {[%clk 00:04:56]}
{[%emt 00:00:11]} 36. Bxe5 {[%clk 00:00:57]} {[%emt 00:00:17]} Qb4 {[%clk
00:05:04]} {[%emt 00:00:01]} 37. Bc3 {[%clk 00:00:57]} {[%emt 00:00:10]} Qxe4
{[%clk 00:05:11]} {[%emt 00:00:03]} 38. Rf8+ {[%clk 00:01:05]} {[%emt
00:00:02]} Kh7 {[%clk 00:05:20]} {[%emt 00:00:01]} 39. Rh8+ {[%clk 00:01:14]}
1-0

[Event "World Cup 2023 Open"]
[Site "Baku, Azerbaijan"]
[Date "2023.08.05"]
[Round "15.5"]
[White "Grischuk Alexander (FID)"]
[Black "Daneshvar Bardiya (IRI)"]
[Result "1-0"]
[WhiteFideId "4126025"]
[BlackFideId "12576468"]
[WhiteElo "2736"]
[BlackElo "2577"]

1. e4 {[%clk 00:07:23]} {[%emt 00:02:56]} c6 {[%clk 00:10:19]} {[%emt
00:00:01]} 2. d4 {[%clk 00:07:32]} d5 {[%clk 00:10:29]} {[%emt 00:00:01]} 3.
Nc3 {[%clk 00:07:41]} {[%emt 00:00:01]} dxe4 {[%clk 00:10:37]} {[%emt
00:00:01]} 4. Nxe4 {[%clk 00:07:49]} {[%emt 00:00:01]} Nf6 {[%clk 00:10:46]}
{[%emt 00:00:02]} 5. Nxf6+ {[%clk 00:07:56]} {[%emt 00:00:03]} exf6 {[%clk
00:10:54]} {[%emt 00:00:01]} 6. c3 {[%clk 00:07:58]} {[%emt 00:00:07]} Bd6
{[%clk 00:11:03]} {[%emt 00:00:01]} 7. Bd3 {[%clk 00:08:07]} {[%emt 00:00:01]}
O-O {[%clk 00:11:11]} {[%emt 00:00:03]} 8. Qc2 {[%clk 00:08:14]} {[%emt
00:00:02]} Re8+ {[%clk 00:11:20]} {[%emt 00:00:02]} 9. Ne2 {[%clk 00:08:23]}
{[%emt 00:00:02]} h5 {[%clk 00:11:28]} {[%emt 00:00:01]} 10. Be3 {[%clk
00:08:30]} {[%emt 00:00:02]} Nd7 {[%clk 00:11:13]} {[%emt 00:00:26]} 11. c4
{[%clk 00:08:15]} {[%emt 00:00:25]} Nf8 {[%clk 00:11:06]} {[%emt 00:00:18]} 12.
O-O-O {[%clk 00:08:21]} {[%emt 00:00:03]} Be6 {[%clk 00:10:50]} {[%emt
00:00:26]} 13. Kb1 {[%clk 00:08:13]} {[%emt 00:00:18]} Rc8 {[%clk 00:10:06]}
{[%emt 00:00:54]} 14. a3 {[%clk 00:08:09]} {[%emt 00:00:14]} Ng6 {[%clk
00:09:16]} {[%emt 00:01:00]} 15. Nc3 {[%clk 00:08:17]} {[%emt 00:00:02]} Nf4
{[%clk 00:08:18]} {[%emt 00:01:08]} 16. Bh7+ {[%clk 00:07:34]} {[%emt
00:00:53]} Kh8 {[%clk 00:07:48]} {[%emt 00:00:40]} 17. Bxf4 {[%clk 00:06:01]}
{[%emt 00:01:43]} Bxf4 {[%clk 00:07:56]} {[%emt 00:00:02]} 18. Bf5 {[%clk
00:06:10]} {[%emt 00:00:01]} g6 {[%clk 00:06:45]} {[%emt 00:01:21]} 19. Bxe6
{[%clk 00:06:16]} {[%emt 00:00:04]} Rxe6 {[%clk 00:06:54]} {[%emt 00:00:01]} 20.
Qb3 {[%clk 00:05:21]} {[%emt 00:01:05]} Re7 {[%clk 00:06:24]} {[%emt 00:00:40]}
21. g3 {[%clk 00:03:50]} {[%emt 00:01:41]} Bh6 {[%clk 00:05:53]} {[%emt
00:00:41]} 22. h3 {[%clk 00:03:54]} {[%emt 00:00:06]} Bg7 {[%clk 00:04:30]}
{[%emt 00:01:32]} 23. g4 {[%clk 00:04:01]} {[%emt 00:00:03]} h4 {[%clk
00:04:34]} {[%emt 00:00:07]} 24. d5 {[%clk 00:03:38]} {[%emt 00:00:32]} Rd7
{[%clk 00:04:43]} {[%emt 00:00:01]} 25. Ka2 {[%clk 00:03:43]} {[%emt 00:00:05]}
Qc7 {[%clk 00:04:27]} {[%emt 00:00:26]} 26. Rhe1 {[%clk 00:02:43]} {[%emt
00:01:10]} Rcd8 {[%clk 00:04:19]} {[%emt 00:00:18]} 27. Rd3 {[%clk 00:01:43]}
{[%emt 00:01:10]} Qf4 {[%clk 00:04:17]} {[%emt 00:00:13]} 28. Ne4 {[%clk
00:01:00]} {[%emt 00:00:53]} cxd5 {[%clk 00:04:07]} {[%emt 00:00:19]} 29. cxd5
{[%clk 00:01:08]} {[%emt 00:00:02]} f5 {[%clk 00:03:41]} {[%emt 00:00:37]} 30.
gxf5 {[%clk 00:00:38]} {[%emt 00:00:40]} gxf5 {[%clk 00:03:34]} {[%emt
00:00:17]} 31. Nc5 {[%clk 00:00:45]} {[%emt 00:00:03]} Rc7 {[%clk 00:03:43]}
{[%emt 00:00:01]} 32. Na4 {[%clk 00:00:22]} {[%emt 00:00:33]} Qxf2 {[%clk
00:03:27]} {[%emt 00:00:26]} 33. d6 {[%clk 00:00:29]} {[%emt 00:00:02]} Rc2
{[%clk 00:00:31]} {[%emt 00:03:07]} 34. Re7 {[%clk 00:00:30]} {[%emt 00:00:09]}
b5 {[%clk 00:00:17]} {[%emt 00:00:25]} 35. Qxb5 {[%clk 00:00:38]} {[%emt
00:00:01]} Rcc8 {[%clk 00:00:17]} {[%emt 00:00:10]} 36. d7 {[%clk 00:00:21]}
{[%emt 00:00:27]} Rb8 {[%clk 00:00:26]} {[%emt 00:00:01]} 37. Re8+ {[%clk
00:00:19]} {[%emt 00:00:12]} Kh7 {[%clk 00:00:30]} {[%emt 00:00:06]} 38. Qxb8
{[%clk 00:00:28]} Rxb8 {[%clk 00:00:39]} {[%emt 00:00:01]} 39. Rxb8 {[%clk
00:00:37]} {[%emt 00:00:01]} Bf6 {[%clk 00:00:48]} {[%emt 00:00:02]} 40. d8=Q
{[%clk 00:00:24]} {[%emt 00:00:22]} Bxd8 {[%clk 00:00:56]} {[%emt 00:00:02]} 41.
Rbxd8 {[%clk 00:00:28]} {[%emt 00:00:06]} f4 {[%clk 00:01:03]} {[%emt
00:00:03]} 42. Rc3 {[%clk 00:00:25]} {[%emt 00:00:12]} Qe2 {[%clk 00:00:57]}
{[%emt 00:00:17]} 43. Rdd3 {[%clk 00:00:30]} {[%emt 00:00:05]} Qe6+ {[%clk
00:01:05]} {[%emt 00:00:02]} 44. b3 {[%clk 00:00:38]} {[%emt 00:00:01]} Qe2+
{[%clk 00:01:03]} {[%emt 00:00:12]} 45. Nb2 {[%clk 00:00:47]} {[%emt 00:00:01]}
Kg6 {[%clk 00:01:12]} {[%emt 00:00:01]} 46. Rc4 {[%clk 00:00:25]} {[%emt
00:00:32]} Kg5 {[%clk 00:00:44]} {[%emt 00:00:38]} 47. Rc5+ {[%clk 00:00:16]}
{[%emt 00:00:19]} Kg6 {[%clk 00:00:28]} {[%emt 00:00:26]} 48. Rc4 {[%clk
00:00:18]} {[%emt 00:00:08]} Kg5 {[%clk 00:00:32]} {[%emt 00:00:06]} 49. Rd5+
{[%clk 00:00:25]} {[%emt 00:00:03]} f5 {[%clk 00:00:41]} {[%emt 00:00:01]} 50.
Rcc5 {[%clk 00:00:32]} {[%emt 00:00:03]} f3 {[%clk 00:00:27]} {[%emt 00:00:24]}
51. Rxf5+ {[%clk 00:00:40]} {[%emt 00:00:02]} Kg6 {[%clk 00:00:28]} {[%emt
00:00:09]} 52. Rf4 {[%clk 00:00:41]} {[%emt 00:00:07]} a5 {[%clk 00:00:14]}
{[%emt 00:00:25]} 53. a4 {[%clk 00:00:45]} {[%emt 00:00:06]} Qe3 {[%clk
00:00:19]} {[%emt 00:00:06]} 54. Rcf5 {[%clk 00:00:43]} {[%emt 00:00:12]} f2
{[%clk 00:00:27]} {[%emt 00:00:02]} 55. Rf6+ {[%clk 00:00:48]} {[%emt
00:00:05]} Kg7 {[%clk 00:00:32]} {[%emt 00:00:05]} 56. Rxf2 {[%clk 00:00:40]}
{[%emt 00:00:18]} Qxh3 {[%clk 00:00:41]} {[%emt 00:00:02]} 57. R6f3 {[%clk
00:00:47]} {[%emt 00:00:01]} Qg4 {[%clk 00:00:40]} {[%emt 00:00:12]} 58. Rd3
{[%clk 00:00:55]} {[%emt 00:00:02]} Qe4 {[%clk 00:00:37]} {[%emt 00:00:13]} 59.
Rh3 {[%clk 00:00:52]} {[%emt 00:00:12]} 1-0